[Event "FICS rated blitz game"]
[Site "FICS freechess.org"]
[Date "2018.01.15"]
[Round "?"]
[White "wotomei"]
[Black "Dpouchy"]
[Result "0-1"]
[WhiteElo "1196"]
[BlackElo "1116"]
[PlyCount "42"]
[EventDate "2018.??.??"]
[EventType "blitz"]

1. e4 e5 2. Nf3 Nc6 3. c3 Bc5 4. d3 d6 5. Be3 Nge7 6. Bxc5 dxc5 7. Nbd2 O-O 8.
Nc4 Ng6 9. g3 Bg4 10. Bg2 f5 11. Qb3 fxe4 12. Ncxe5+ Kh8 13. Nxg6+ hxg6 14. Nh4
Qf6 15. O-O g5 16. Bxe4 gxh4 17. f3 Bh3 18. Rf2 hxg3 19. hxg3 Qg5 20. g4 Qf4
21. Rh2 Qg3+ {White resigns} 0-1

[Event "FICS rated standard game"]
[Site "FICS freechess.org"]
[Date "2018.01.15"]
[Round "?"]
[White "proximab"]
[Black "Suzonbd"]
[Result "1-0"]
[WhiteElo "2117"]
[BlackElo "1720"]
[PlyCount "30"]
[EventDate "2018.??.??"]

1. e4 e5 2. Nf3 Nc6 3. c3 Nf6 4. d4 exd4 5. e5 Ng8 6. cxd4 Qe7 7. Nc3 Qb4 8.
Bb5 Nb8 9. a3 Qe7 10. Nd5 Qe6 11. Nxc7+ Kd8 12. Nxe6+ dxe6 13. Ng5 Nh6 14. d5
Be7 15. dxe6+ Kc7 {Black resigns} 1-0

[Event "FICS rated blitz game"]
[Site "FICS freechess.org"]
[Date "2018.01.15"]
[Round "?"]
[White "Toni"]
[Black "popasile"]
[Result "0-1"]
[WhiteElo "1583"]
[BlackElo "1512"]
[PlyCount "70"]
[EventDate "2018.??.??"]
[EventType "blitz"]

1. e4 e5 2. Nf3 Nc6 3. c3 Bc5 4. d4 exd4 5. cxd4 Bb6 6. d5 Nce7 7. d6 cxd6 8.
Bc4 h6 9. Nc3 Nf6 10. O-O O-O 11. Bf4 Ng6 12. Bxd6 Re8 13. Qb3 Re6 14. Bxe6
dxe6 15. Rad1 Qe8 16. e5 Nh7 17. Ne4 Bd7 18. h4 Ba4 19. Qa3 Bxd1 20. Rxd1 Nf4
21. Nc3 Qc6 22. Rc1 Qd7 23. g3 Nh5 24. Ne4 f5 25. exf6 N7xf6 26. Ne5 Qb5 27.
Nc3 Qe8 28. Nb5 Nxg3 29. Nc7 Bxc7 30. Rxc7 Ne2+ 31. Kf1 Qb5 32. Nc4 Nd4 33. Qg3
Nf5 34. Qg6 Qd5 35. Qxf6 gxf6 {White resigns} 0-1

[Event "FICS rated blitz game"]
[Site "FICS freechess.org"]
[Date "2018.01.15"]
[Round "?"]
[White "bakonyi"]
[Black "bassosoolo"]
[Result "0-1"]
[WhiteElo "1937"]
[BlackElo "1881"]
[PlyCount "100"]
[EventDate "2018.??.??"]
[EventType "blitz"]

1. e4 e5 2. Nf3 Nc6 3. c3 d5 4. Qa4 f6 5. exd5 Qxd5 6. Bb5 Bd7 7. O-O Bd6 8. d4
e4 9. Re1 f5 10. Bc4 Qa5 11. Qb3 Nge7 12. Bf7+ Kd8 13. Ng5 Qb6 14. Qxb6 axb6
15. Bb3 Kc8 16. Nf7 Rf8 17. Nxd6+ cxd6 18. Bf4 Rf6 19. Na3 d5 20. Nb5 h6 21.
Nd6+ Rxd6 22. Bxd6 g5 23. f3 Ng6 24. Bxd5 exf3 25. Bxf3 g4 26. Bd5 f4 27. Be6
h5 28. a3 f3 29. gxf3 gxf3 30. Re3 Nh4 31. Kf2 Bxe6 32. Rxe6 Kd7 33. Rf6 Rg8
34. Rg1 Rg2+ 35. Rxg2 fxg2 36. Bg3 g1=Q+ 37. Kxg1 Nf3+ 38. Rxf3 h4 39. Bxh4 Na5
40. Rf7+ Kc6 41. Rf6+ Kc7 42. Rf5 Nc4 43. b3 Nd2 44. Rf2 Ne4 45. Rf3 Nd2 46.
Rd3 Nxb3 47. Bg3+ Kd7 48. h4 Nc1 49. Rf3 Ne2+ 50. Kf2 Nc1 0-1

[Event "FICS rated standard game"]
[Site "FICS freechess.org"]
[Date "2018.01.15"]
[Round "?"]
[White "Nidifugous"]
[Black "CrisChessITA"]
[Result "0-1"]
[WhiteElo "1559"]
[BlackElo "1526"]
[PlyCount "142"]
[EventDate "2018.??.??"]

1. e4 e5 2. Nf3 Nc6 3. c3 Bc5 4. b4 Bb6 5. a4 a6 6. b5 axb5 7. Bxb5 Nge7 8. h4
d6 9. Qb3 O-O 10. d3 h6 11. g3 Bd7 12. Rg1 Ng6 13. g4 Nce7 14. Bxd7 Qxd7 15. g5
Qh3 16. Nbd2 Nf4 17. gxh6 Nxd3+ 18. Ke2 Nf4+ 19. Kd1 g6 20. c4 Bxf2 21. Rf1
Bxh4 22. Qxb7 Rfc8 23. Qb3 Rcb8 24. Qc2 Ng2 25. Qc3 Bg5 26. Rg1 Ne3+ 27. Ke2
Bxh6 28. Ng5 Bxg5 29. Rxg5 Qh4 30. Qxe3 Kg7 31. Qg3 Qxg3 32. Rxg3 Nc6 33. Nf3
Rb4 34. Nd2 Nd4+ 35. Kd1 Rbxa4 36. Rxa4 Rxa4 37. Bb2 Nc6 38. Ra3 Rb4 39. Bc3
Rb7 40. Kc2 f5 41. exf5 gxf5 42. Bb2 Kg6 43. Ra1 f4 44. Ne4 Kf5 45. Nf2 Nd4+
46. Kc1 Nb3+ 47. Kc2 Nxa1+ 48. Bxa1 Rb8 49. Nd3 Rg8 50. Bc3 Rg2+ 51. Kb3 f3 52.
Be1 e4 53. Nf2 e3 54. Nd3 f2 55. Nxf2 exf2 56. Bxf2 Rxf2 57. Kb4 Ke4 58. Kb5
Rf7 59. Kc6 Kd4 60. c5 d5 61. Kb5 Kc3 62. c6 d4 63. Kc5 d3 64. Kd5 d2 65. Ke6
Rh7 66. Ke5 d1=Q 67. Ke6 Qd6+ 68. Kf5 Rh5+ 69. Kg4 Ra5 70. Kf3 Qxc6+ 71. Ke3
Qe6+ {White resigns} 0-1

[Event "FICS rated blitz game"]
[Site "FICS freechess.org"]
[Date "2018.01.15"]
[Round "?"]
[White "BiH"]
[Black "gimnoto"]
[Result "0-1"]
[WhiteElo "1617"]
[BlackElo "1736"]
[PlyCount "82"]
[EventDate "2018.??.??"]
[EventType "blitz"]

1. e4 e5 2. Nf3 Nc6 3. c3 Nf6 4. d4 d6 5. d5 Ne7 6. Bd3 Ng6 7. c4 c5 8. Nc3 Be7
9. h3 O-O 10. Be3 a6 11. a4 Bd7 12. O-O Qa5 13. Bd2 Qb6 14. Rb1 Rfb8 15. Kh2
Qa5 16. Nb5 Qb6 17. Nc3 Nf4 18. Bxf4 exf4 19. Ne2 Nh5 20. Qd2 g5 21. b3 Qd8 22.
e5 b5 23. cxb5 axb5 24. axb5 Bxb5 25. Bxb5 Rxb5 26. Qd3 Rab8 27. Rb2 Bf8 28.
Rfb1 Bg7 29. exd6 Bxb2 30. Rxb2 Qxd6 31. Nxg5 Qg6 32. Qxg6+ hxg6 33. Nc1 c4 34.
Ne2 Rxd5 35. b4 Rxg5 36. Nd4 Rd5 37. Nc6 Rb7 38. Rc2 Kg7 39. Rxc4 Rc7 40. h4
Nf6 41. Kh3 Nd7 0-1

[Event "FICS rated blitz game"]
[Site "FICS freechess.org"]
[Date "2018.01.15"]
[Round "?"]
[White "sasfro"]
[Black "xadrezivoti"]
[Result "0-1"]
[WhiteElo "1271"]
[BlackElo "1080"]
[PlyCount "78"]
[EventDate "2018.??.??"]
[EventType "blitz"]

1. e4 e5 2. Nf3 Nc6 3. c3 Bc5 4. d4 exd4 5. cxd4 Bb6 6. Bc4 h6 7. O-O d6 8. h3
Qf6 9. e5 dxe5 10. dxe5 Nxe5 11. Nxe5 Be6 12. Qa4+ c6 13. Nxc6 Bxc4 14. Ne5+
Kd8 15. Rd1+ Ke7 16. Ng4 Qc6 17. Re1+ Be6 18. Qxc6 bxc6 19. Nc3 Nf6 20. Ne5
Rac8 21. b3 Nd5 22. Ba3+ Kf6 23. Ne4+ Kxe5 24. Nd6+ Kf6 25. Nxc8 Rxc8 26. Bb2+
Kg6 27. Re5 Nb4 28. Bc3 Nd3 29. Re2 Nf4 30. Rd2 Re8 31. Re1 Nd5 32. Bb2 Ba5 33.
Rxe6+ Rxe6 34. Rd3 Nf4 35. Rg3+ Kh7 36. Rxg7+ Kh8 37. Rg4+ Kh7 38. Rxf4 Re1+
39. Kh2 Bc7 {White resigns} 0-1

[Event "FICS rated standard game"]
[Site "FICS freechess.org"]
[Date "2018.01.15"]
[Round "?"]
[White "chippops"]
[Black "matthewgu"]
[Result "1-0"]
[WhiteElo "1429"]
[BlackElo "1395"]
[PlyCount "73"]
[EventDate "2018.??.??"]

1. e4 e5 2. Nf3 Nc6 3. c3 Bc5 4. b4 Bb6 5. Qe2 d6 6. d3 Be6 7. Be3 Nge7 8. Bxb6
axb6 9. a4 d5 10. exd5 Bxd5 11. Nxe5 Nxe5 12. Qxe5 O-O 13. Rg1 h6 14. g3 f6 15.
Qe3 b5 16. a5 b6 17. a6 Nf5 18. Qf4 Re8+ 19. Kd2 Qb8 20. Bg2 Nd6 21. Bxd5+ Kh7
22. Bxa8 Qxa8 23. Kd1 Kh8 24. Re1 Rxe1+ 25. Kxe1 Qh1+ 26. Ke2 Qa8 27. Qf3 Qxf3+
28. Kxf3 Nc8 29. a7 Nxa7 30. Rxa7 Kg8 31. Rxc7 Kh8 32. d4 g6 33. d5 f5 34. d6
g5 35. d7 g4+ 36. Kf4 h5 37. d8=Q# {Black checkmated} 1-0

[Event "FICS rated blitz game"]
[Site "FICS freechess.org"]
[Date "2018.01.15"]
[Round "?"]
[White "sasfro"]
[Black "scarsetto"]
[Result "1-0"]
[WhiteElo "1247"]
[BlackElo "1029"]
[PlyCount "47"]
[EventDate "2018.??.??"]
[EventType "blitz"]

1. e4 e5 2. Nf3 Nc6 3. c3 Bc5 4. d4 exd4 5. cxd4 Bb6 6. Bc4 a6 7. O-O Nf6 8. e5
Ng4 9. h3 h5 10. Bg5 f6 11. exf6 gxf6 12. Re1+ Ne7 13. hxg4 hxg4 14. Bxf6 gxf3
15. Bxe7 Qxe7 16. Rxe7+ Kxe7 17. Qxf3 Bxd4 18. Qe4+ Kd8 19. Qxd4 Re8 20. Qh4+
Re7 21. Nc3 d6 22. Nd5 Kd7 23. Qxe7+ Kc6 24. Qxc7# {Black checkmated} 1-0

[Event "FICS rated blitz game"]
[Site "FICS freechess.org"]
[Date "2018.01.15"]
[Round "?"]
[White "windbumwino"]
[Black "pechkin"]
[Result "0-1"]
[WhiteElo "1470"]
[BlackElo "1594"]
[PlyCount "54"]
[EventDate "2018.??.??"]
[EventType "blitz"]

1. e4 e5 2. c3 Nc6 3. Nf3 d6 4. d4 Bg4 5. d5 Bxf3 6. gxf3 Nce7 7. Qa4+ Qd7 8.
Bb5 c6 9. dxc6 bxc6 10. Bd3 g6 11. Be3 Bg7 12. Nd2 Nf6 13. Ke2 O-O 14. Nc4 c5
15. Qxd7 Nxd7 16. Nxd6 a6 17. c4 Rfb8 18. b3 Nc6 19. h4 Nd4+ 20. Bxd4 exd4 21.
h5 Be5 22. Nxf7 Kxf7 23. hxg6+ hxg6 24. Rh7+ Ke6 25. Rg1 Rg8 26. Rg5 a5 27. Rg4
Nf6 {White resigns} 0-1

[Event "FICS rated standard game"]
[Site "FICS freechess.org"]
[Date "2018.01.15"]
[Round "?"]
[White "proximab"]
[Black "ugbabsdave"]
[Result "1-0"]
[WhiteElo "2133"]
[BlackElo "1392"]
[PlyCount "23"]
[EventDate "2018.??.??"]

1. e4 e5 2. Nf3 Nc6 3. c3 Nf6 4. d4 d6 5. d5 Ne7 6. Bg5 Nxe4 7. Qa4+ Bd7 8.
Qxe4 h6 9. Bxe7 Qxe7 10. Nbd2 Qf6 11. O-O-O Bf5 12. Qa4+ 1-0

[Event "FICS rated blitz game"]
[Site "FICS freechess.org"]
[Date "2018.01.15"]
[Round "?"]
[White "morts"]
[Black "siuls"]
[Result "0-1"]
[WhiteElo "1167"]
[BlackElo "1178"]
[PlyCount "38"]
[EventDate "2018.??.??"]
[EventType "blitz"]

1. e4 e5 2. Nf3 Nc6 3. c3 Nf6 4. d3 Be7 5. g3 d6 6. Bg2 O-O 7. Nbd2 Bg4 8. O-O
Nh5 9. Qb3 Rb8 10. h3 Nxg3 11. fxg3 Be6 12. c4 Na5 13. Qa4 b6 14. b4 Nb7 15.
Qd1 Bg5 16. Nxg5 Qxg5 17. Nf3 Qxg3 18. Be3 Bxh3 19. Bf2 Qxg2# {White checkmated
} 0-1

[Event "FICS rated blitz game"]
[Site "FICS freechess.org"]
[Date "2018.01.15"]
[Round "?"]
[White "sasfro"]
[Black "prnaik"]
[Result "0-1"]
[WhiteElo "1244"]
[BlackElo "1369"]
[PlyCount "44"]
[EventDate "2018.??.??"]
[EventType "blitz"]

1. e4 e5 2. Nf3 Nc6 3. c3 Nf6 4. d4 exd4 5. e5 Qe7 6. cxd4 d6 7. Be2 dxe5 8.
dxe5 Nxe5 9. O-O Bg4 10. Re1 Nxf3+ 11. Bxf3 Be6 12. Bxb7 Rd8 13. Bc6+ Nd7 14.
Nc3 Qd6 15. Qf3 Be7 16. Bf4 Qb4 17. Bxc7 Rc8 18. Bxd7+ Bxd7 19. Nd5 Bc6 20.
Rxe7+ Qxe7 21. Nf6+ gxf6 22. Qxc6+ Kf8 0-1

[Event "FICS rated blitz game"]
[Site "FICS freechess.org"]
[Date "2018.01.15"]
[Round "?"]
[White "BiH"]
[Black "Caarreeyy"]
[Result "0-1"]
[WhiteElo "1601"]
[BlackElo "1624"]
[PlyCount "64"]
[EventDate "2018.??.??"]
[EventType "blitz"]

1. e4 e5 2. Nf3 Nc6 3. c3 Bc5 4. d4 exd4 5. cxd4 Bb4+ 6. Nc3 d5 7. e5 Nge7 8.
h3 O-O 9. a3 Bxc3+ 10. bxc3 f6 11. exf6 Rxf6 12. Bg5 Re6+ 13. Be2 Qe8 14. O-O
Ng6 15. Bd3 h6 16. Bd2 Rf6 17. Re1 Qf8 18. Qc2 Nf4 19. Bh7+ Kh8 20. Kh2 Nxg2
21. Ne5 Nxe1 22. Bxe1 Nxe5 23. dxe5 Rf3 24. Kg2 Bxh3+ 25. Kg1 Re8 26. Qg6 Rxe5
27. Kh1 Rg5 28. Qc2 Bf5 29. Kh2 Bxc2 30. Bxc2 Rxf2+ 31. Kh3 Qf3+ 32. Kh4 Qg4# {
White checkmated} 0-1

[Event "FICS rated blitz game"]
[Site "FICS freechess.org"]
[Date "2018.01.15"]
[Round "?"]
[White "yobiatch"]
[Black "nicolasm"]
[Result "0-1"]
[WhiteElo "1184"]
[BlackElo "1241"]
[PlyCount "72"]
[EventDate "2018.??.??"]
[EventType "blitz"]

1. e4 e5 2. Nf3 Nc6 3. c3 Bc5 4. d4 exd4 5. cxd4 Bb4+ 6. Bd2 Bxd2+ 7. Qxd2 Nf6
8. Bd3 d6 9. O-O O-O 10. Nc3 a6 11. Rfe1 Nb4 12. Bb1 Bg4 13. Qe3 Nc6 14. Nd2
Ne7 15. h3 Bh5 16. Qd3 Bg6 17. Qc4 b5 18. Qb3 c6 19. e5 dxe5 20. Bxg6 Qe8 21.
dxe5 Nd7 22. e6 Nf6 23. exf7+ Rxf7 24. Bxf7+ Qxf7 25. Qxf7+ Kxf7 26. Nf3 Rd8
27. Rad1 Rc8 28. Ng5+ Kf8 29. Ne6+ Kf7 30. Rd3 b4 31. Na4 a5 32. Rf3 Ned5 33.
Ng5+ Kg6 34. h4 h6 35. Nh3 c5 36. Rg3+ Kf7 0-1

[Event "FICS rated blitz game"]
[Site "FICS freechess.org"]
[Date "2018.01.15"]
[Round "?"]
[White "Kjosavik"]
[Black "smarlny"]
[Result "1-0"]
[WhiteElo "1490"]
[BlackElo "1433"]
[PlyCount "73"]
[EventDate "2018.??.??"]
[EventType "blitz"]

1. e4 e5 2. Nf3 Nc6 3. c3 Nf6 4. d4 exd4 5. e5 Nd5 6. cxd4 d6 7. Bb5 Bd7 8. Nc3
Nxc3 9. bxc3 Be7 10. Qb3 O-O 11. O-O Rb8 12. Be3 dxe5 13. Bxc6 Bxc6 14. Nxe5
Be4 15. c4 b6 16. d5 Bf5 17. Nc6 Qd6 18. Nxb8 Rxb8 19. Bd4 c6 20. Qg3 Qxg3 21.
hxg3 cxd5 22. cxd5 Rd8 23. Rac1 Rxd5 24. Rc7 Bd6 25. Rc4 b5 26. Rcc1 Rxd4 27.
Rfe1 h6 28. Re8+ Kh7 29. Rd8 Bc5 30. Rb8 a6 31. Rxc5 Bg6 32. Rcc8 Bd3 33. Rh8+
Kg6 34. Rb6+ Kh5 35. Rc8 b4 36. Rc5+ g5 37. Rf6 1-0

[Event "FICS rated blitz game"]
[Site "FICS freechess.org"]
[Date "2018.01.15"]
[Round "?"]
[White "yobiatch"]
[Black "NazhoAndres"]
[Result "0-1"]
[WhiteElo "1202"]
[BlackElo "1442"]
[PlyCount "30"]
[EventDate "2018.??.??"]
[EventType "blitz"]

1. e4 e5 2. Nf3 Nc6 3. c3 Nf6 4. d4 Nxe4 5. Qd3 d5 6. Nbd2 Bf5 7. Qe3 exd4 8.
cxd4 Be7 9. Bb5 O-O 10. O-O Nb4 11. Qf4 Bg6 12. Ne5 Bg5 13. Qg4 Bxd2 14. Bxd2
Nxd2 15. Rfe1 Nc2 {White resigns} 0-1

[Event "FICS rated blitz game"]
[Site "FICS freechess.org"]
[Date "2018.01.15"]
[Round "?"]
[White "windbumwino"]
[Black "Cibola"]
[Result "1-0"]
[WhiteElo "1450"]
[BlackElo "1292"]
[PlyCount "115"]
[EventDate "2018.??.??"]
[EventType "blitz"]

1. e4 e5 2. c3 Nc6 3. Nf3 Bc5 4. d4 exd4 5. cxd4 Bb4+ 6. Nbd2 Nf6 7. a3 Ba5 8.
e5 Nd5 9. b4 Bb6 10. Nb3 O-O 11. Bb2 d6 12. Bc4 Nf4 13. O-O Ne6 14. exd6 cxd6
15. d5 Ne5 16. Nxe5 dxe5 17. dxe6 Bxe6 18. Bxe6 fxe6 19. Qxd8 Raxd8 20. Bxe5
Rf5 21. Bb2 Bc7 22. Rad1 a5 23. Nxa5 Rxd1 24. Rxd1 Bxa5 25. bxa5 Rxa5 26. Rd8+
Kf7 27. Rd7+ Kg6 28. Rxg7+ Kf5 29. Rxb7 Rd5 30. g3 Kg4 31. Kg2 h5 32. Rb4+ Kg5
33. h4+ Kf5 34. Rf4+ Kg6 35. a4 e5 36. Re4 Kf5 37. Rxe5+ Rxe5 38. Bxe5 Kxe5 39.
Kh3 Kd6 40. g4 hxg4+ 41. Kxg4 Kc5 42. Kg5 Kb4 43. Kg6 Kxa4 44. f4 Kb4 45. f5
Kc4 46. f6 Kd5 47. f7 Ke5 48. f8=Q Ke4 49. h5 Ke3 50. h6 Kd4 51. h7 Ke5 52.
h8=Q+ Ke6 53. Qf7+ Kd6 54. Qhf6+ Kc5 55. Q7e6 Kb5 56. Qef5+ Kc4 57. Q5g5 Kb4
58. Qff4+ {Black resigns} 1-0

[Event "FICS rated blitz game"]
[Site "FICS freechess.org"]
[Date "2018.01.15"]
[Round "?"]
[White "franguly"]
[Black "pdrag"]
[Result "0-1"]
[WhiteElo "1316"]
[BlackElo "1434"]
[PlyCount "88"]
[EventDate "2018.??.??"]
[EventType "blitz"]

1. e4 e5 2. Nf3 Nc6 3. c3 Bc5 4. d4 exd4 5. cxd4 Bb4+ 6. Nc3 Bxc3+ 7. bxc3 Nf6
8. Bd3 d6 9. Qc2 g6 10. Bg5 h6 11. Bh4 g5 12. Bg3 Bg4 13. Be2 Qe7 14. e5 dxe5
15. Nxe5 Bxe2 16. Qxe2 Nd5 17. Rc1 Nxe5 18. Bxe5 f6 19. Bg3 Qxe2+ 20. Kxe2 c6
21. Rhe1 O-O 22. Kf1 Rfe8 23. f3 Kf7 24. Rxe8 Rxe8 25. Bf2 a6 26. a3 Nf4 27.
Rc2 Nd3 28. Re2 Rxe2 29. Kxe2 Nf4+ 30. Kf1 h5 31. g3 Nd3 32. Ke2 Nb2 33. h3 Ke6
34. Be3 Nc4 35. Bc1 Nd6 36. Kd3 Nf5 37. g4 hxg4 38. hxg4 Nh4 39. Ke4 a5 40. Be3
a4 41. Bf2 Ng6 42. Bg3 Ne7 43. Bc7 Nd5 44. c4 Nxc7 {White resigns} 0-1

[Event "FICS rated standard game"]
[Site "FICS freechess.org"]
[Date "2018.01.15"]
[Round "?"]
[White "mplangley"]
[Black "groovyhassle"]
[Result "0-1"]
[WhiteElo "1462"]
[BlackElo "1436"]
[PlyCount "136"]
[EventDate "2018.??.??"]

1. e4 e5 2. Nf3 Nc6 3. c3 a6 4. d4 exd4 5. Nxd4 Bc5 6. Nf5 Qf6 7. Qg4 g6 8. Bg5
Qe5 9. Ne3 h6 10. Bf4 Qxe4 11. Bxc7 Qxg4 12. Nxg4 d6 13. b4 Ba7 14. Bxd6 Bxg4
15. Bc4 Bb8 16. Bc5 Nf6 17. h3 Bc8 18. O-O Bd7 19. Re1+ Kd8 20. Bxf7 Ba7 21.
Bxa7 Nxa7 22. Bxg6 Rg8 23. Be4 Nxe4 24. Rxe4 Bc6 25. Rd4+ Kc7 26. g4 h5 27. Rf4
hxg4 28. hxg4 Rad8 29. Na3 Ba4 30. c4 Rd1+ 31. Rxd1 Bxd1 32. Rf7+ Kb8 33. Kh2
Bxg4 34. b5 axb5 35. cxb5 Be6 36. Rf3 Bxa2 37. b6 Nc6 38. Nb5 Bd5 39. Rg3 Rxg3
40. fxg3 Ne7 41. g4 Ng6 42. Kg3 Kc8 43. g5 Kd7 44. Kg4 Ke6 45. Nc7+ Ke5 46. Kh5
Nf4+ 47. Kh6 Be4 48. Ne8 Kd5 49. Nf6+ Ke5 50. Nxe4 Kxe4 51. g6 Nxg6 52. Kxg6
Kd5 53. Kf5 Kc5 54. Ke4 Kxb6 55. Kd4 Kb5 56. Kc3 Ka4 57. Kc4 b5+ 58. Kc3 Ka3
59. Kc2 b4 60. Kb1 Kb3 61. Ka1 Kc3 62. Kb1 Kb3 63. Ka1 Kc2 64. Ka2 b3+ 65. Ka1
b2+ 66. Ka2 b1=Q+ 67. Ka3 Kc3 68. Ka4 Kc4 {White resigns} 0-1

[Event "FICS rated blitz game"]
[Site "FICS freechess.org"]
[Date "2018.01.15"]
[Round "?"]
[White "proximab"]
[Black "Geforce"]
[Result "1/2-1/2"]
[WhiteElo "2087"]
[BlackElo "2125"]
[PlyCount "102"]
[EventDate "2018.??.??"]
[EventType "blitz"]

1. e4 e5 2. Nf3 Nc6 3. c3 Bd6 4. Bc4 Nf6 5. d3 h6 6. h3 Bc5 7. d4 Bb6 8. O-O d6
9. dxe5 dxe5 10. Qxd8+ Kxd8 11. Bb5 Nd7 12. Rd1 Ke7 13. Nbd2 f6 14. Bxc6 bxc6
15. Nc4 Nc5 16. Nh4 Rd8 17. Re1 g5 18. b4 Nd3 19. Nxb6 axb6 20. Ng6+ Kf7 21.
Nxe5+ fxe5 22. Rd1 Ba6 23. Be3 Bc4 24. a3 Nb2 25. Rd2 Rxd2 26. Bxd2 Rd8 27. Be1
Na4 28. f3 Nb2 29. Bg3 Ke6 30. h4 Rd1+ 31. Rxd1 Nxd1 32. hxg5 hxg5 33. Be1 Be2
34. Kh2 b5 35. Bd2 Kf6 36. Kh3 Kg6 37. Kg4 Nf2+ 38. Kg3 Nd3 39. Kg4 Nf4 40. Kg3
Nd3 41. Be3 Nf4 42. Kf2 Bc4 43. Bd2 Ne6 44. Be3 Kf6 45. g3 Kg6 46. g4 Kf6 47.
Ke1 Kg6 48. Kd2 Kf6 49. Ke1 Kg6 50. Kd1 Kf6 51. Ke1 Kg6 1/2-1/2

[Event "FICS rated standard game"]
[Site "FICS freechess.org"]
[Date "2018.01.15"]
[Round "?"]
[White "proximab"]
[Black "Abishakkumar"]
[Result "1-0"]
[WhiteElo "2115"]
[BlackElo "1486"]
[PlyCount "51"]
[EventDate "2018.??.??"]

1. e4 e5 2. Nf3 Nc6 3. c3 d6 4. d4 exd4 5. cxd4 Bg4 6. d5 Ne5 7. Qa4+ Nd7 8.
Be2 Bxf3 9. Bxf3 Be7 10. Be3 Ngf6 11. Bxa7 O-O 12. Qa3 b6 13. Nc3 Qc8 14. O-O-O
Qb7 15. Nb5 Rfc8 16. Rd4 c6 17. dxc6 Rxc6+ 18. Kb1 Rc5 19. Qb3 Rxa7 20. e5 Rxb5
21. Qxb5 Ra5 22. Qxa5 bxa5 23. Bxb7 dxe5 24. Rc4 Bc5 25. Rd1 g6 26. Rxd7 1-0

[Event "FICS rated standard game"]
[Site "FICS freechess.org"]
[Date "2018.01.15"]
[Round "?"]
[White "stonedmaster"]
[Black "mmamaju"]
[Result "0-1"]
[WhiteElo "1436"]
[BlackElo "1623"]
[PlyCount "73"]
[EventDate "2018.??.??"]

1. e4 e5 2. Nf3 Nc6 3. c3 Bc5 4. Bc4 Qf6 5. d3 h6 6. Qe2 d6 7. Be3 Bb6 8. d4
Bg4 9. d5 Nce7 10. Bb5+ c6 11. dxc6 bxc6 12. Ba4 Rc8 13. Nbd2 Bd7 14. Rd1 Ng6
15. Nc4 Bxe3 16. Qxe3 Nf4 17. Rg1 d5 18. g3 Nh3 19. Rf1 dxc4 20. Qd2 Qe6 21.
Qe3 Rc7 22. Ke2 Ne7 23. Rd2 O-O 24. Qc5 Rd8 25. Nxe5 Ng5 26. Rd6 Qh3 27. Bxc6
Nxe4 28. Qxc4 Nxd6 29. Qc5 Be6 30. Rd1 Nef5 31. Qa5 Rdc8 32. g4 Bc4+ 33. Ke1
Qf1+ 34. Kd2 Qxf2+ 35. Kc1 Be2 36. Qb4 Bxd1 37. Kxd1 {White resigns} 0-1

[Event "FICS rated blitz game"]
[Site "FICS freechess.org"]
[Date "2018.01.15"]
[Round "?"]
[White "Kjosavik"]
[Black "mugger"]
[Result "1-0"]
[WhiteElo "1503"]
[BlackElo "1429"]
[PlyCount "77"]
[EventDate "2018.??.??"]
[EventType "blitz"]

1. e4 e5 2. Nf3 Nc6 3. c3 Bc5 4. Bb5 a6 5. Bxc6 dxc6 6. Nxe5 Qh4 7. Qf3 Nf6 8.
d4 Bd6 9. Bf4 O-O 10. g3 Qh3 11. Nd2 Bxe5 12. Bxe5 Bg4 13. Qf4 Nh5 14. Qe3 Qg2
15. Rf1 f6 16. Bxc7 f5 17. f3 Bh3 18. Rf2 Qh1+ 19. Ke2 Qxa1 20. Qg5 fxe4 21.
Nxe4 Qxb2+ 22. Ke3 Qb5 23. Qh4 Be6 24. Ng5 g6 25. g4 Rae8 26. Be5 Bxg4 27. Qxg4
c5 28. Ne4 cxd4+ 29. Bxd4 Rf4 30. Qg1 Qf5 31. Qb1 Nf6 32. Qb3+ Kf8 33. Bxf6
Qxf6 34. Qb4+ Kg7 35. Qxb7+ Qf7 36. Qb4 Qa7+ 37. Kxf4 Qc7+ 38. Ke3 Qa7+ 39.
Qd4+ {Black resigns} 1-0

[Event "FICS rated standard game"]
[Site "FICS freechess.org"]
[Date "2018.01.15"]
[Round "?"]
[White "pikozrout"]
[Black "Hielloo"]
[Result "1-0"]
[WhiteElo "2347"]
[BlackElo "1982"]
[PlyCount "31"]
[EventDate "2018.??.??"]

1. e4 Nc6 2. Nf3 e5 3. c3 Nf6 4. d4 d5 5. Bb5 Nxe4 6. Nxe5 Qf6 7. O-O a6 8.
Bxc6+ bxc6 9. Qa4 Bd7 10. Nd2 Nxd2 11. Bxd2 Bd6 12. Rae1 Bxe5 13. Rxe5+ Kf8 14.
Bg5 Qg6 15. Qb4+ Kg8 16. Qb7 {Black resigns} 1-0

[Event "FICS rated blitz game"]
[Site "FICS freechess.org"]
[Date "2018.01.15"]
[Round "?"]
[White "BiH"]
[Black "Kiabou"]
[Result "0-1"]
[WhiteElo "1595"]
[BlackElo "1625"]
[PlyCount "70"]
[EventDate "2018.??.??"]
[EventType "blitz"]

1. e4 e5 2. Nf3 Nc6 3. c3 Nf6 4. d4 d6 5. d5 Nb8 6. Bd3 Be7 7. c4 O-O 8. h3
Nbd7 9. Nc3 Re8 10. Be3 Nf8 11. O-O Ng6 12. Qd2 Bd7 13. Nh2 Qc8 14. f4 exf4 15.
Bxf4 Nxf4 16. Qxf4 Bd8 17. Rae1 Be7 18. g4 h6 19. Kg2 Rf8 20. Kg3 Nh7 21. h4
Bf6 22. Nf3 Qd8 23. e5 dxe5 24. Qe4 g6 25. d6 Bc6 26. Nd5 Bxd5 27. cxd5 cxd6
28. Rh1 Bg7 29. Qe3 Qb6 30. Qe2 Nf6 31. Bc4 Rac8 32. b3 Qd8 33. g5 Nh5+ 34. Kh2
Nf4 35. Qe4 h5 0-1

[Event "FICS rated standard game"]
[Site "FICS freechess.org"]
[Date "2018.01.15"]
[Round "?"]
[White "proximab"]
[Black "Cancrov"]
[Result "1-0"]
[WhiteElo "2120"]
[BlackElo "1476"]
[PlyCount "43"]
[EventDate "2018.??.??"]

1. e4 e5 2. Nf3 Nc6 3. c3 Nf6 4. d4 exd4 5. e5 Qe7 6. cxd4 d6 7. Bb5 Bd7 8. O-O
Nd5 9. Qb3 Nb6 10. Bg5 f6 11. exf6 gxf6 12. Re1 Ne5 13. dxe5 dxe5 14. Bxd7+
Nxd7 15. Qxb7 Rb8 16. Qxc7 fxg5 17. Rxe5 Nxe5 18. Qxb8+ Kf7 19. Nxe5+ Kg7 20.
Nc3 Qc5 21. Qb7+ Kh6 22. Nd5 1-0

[Event "FICS rated blitz game"]
[Site "FICS freechess.org"]
[Date "2018.01.15"]
[Round "?"]
[White "vincentthedog"]
[Black "ElPudge"]
[Result "1-0"]
[WhiteElo "1216"]
[BlackElo "1265"]
[PlyCount "49"]
[EventDate "2018.??.??"]
[EventType "blitz"]

1. e4 e5 2. Nf3 Nc6 3. c3 Nf6 4. d3 d5 5. exd5 Nxd5 6. Bg5 f6 7. Bd2 Bg4 8. c4
Bxf3 9. Qxf3 Nd4 10. Qd1 Nb6 11. Bc3 Qe7 12. Nd2 O-O-O 13. f3 g6 14. a3 Bh6 15.
Bb4 Bxd2+ 16. Bxd2 f5 17. Bb4 c5 18. Bc3 e4 19. fxe4 fxe4 20. Bxd4 exd3+ 21.
Kd2 Nxc4+ 22. Kc3 Rxd4 23. Kb3 Na5+ 24. Ka2 Qe6+ 25. Kb1 1-0

[Event "FICS rated blitz game"]
[Site "FICS freechess.org"]
[Date "2018.01.15"]
[Round "?"]
[White "arju"]
[Black "xadrezrs"]
[Result "1/2-1/2"]
[WhiteElo "1685"]
[BlackElo "1809"]
[PlyCount "102"]
[EventDate "2018.??.??"]
[EventType "blitz"]

1. e4 e5 2. Nf3 Nc6 3. c3 Nf6 4. d3 d5 5. exd5 Qxd5 6. Be2 Bg4 7. O-O Be7 8.
Nbd2 O-O 9. Nb3 Rad8 10. c4 Qd7 11. Be3 Bxf3 12. gxf3 Qh3 13. Kh1 Nh5 14. Rg1
f5 15. Qf1 Qxf1 16. Bxf1 f4 17. Bd2 Bh4 18. Rg2 Nd4 19. Nxd4 Rxd4 20. Bc3 Rd7
21. Bxe5 Re8 22. d4 c5 23. Rg4 cxd4 24. Bxf4 Bxf2 25. Bd2 Be3 26. Rd1 Bxd2 27.
Rxd2 Re1 28. Kg2 Rb1 29. Bd3 Ra1 30. a3 Nf6 31. Rg5 Re1 32. Kf2 Re3 33. h3 h6
34. Rb5 Kf7 35. c5 Nd5 36. Bc4 Kf6 37. Bxd5 Rxd5 38. b4 Rf5 39. Rxd4 Rfxf3+ 40.
Kg2 Rg3+ 41. Kf2 Rxh3 42. Rd6+ Ke5 43. Rd7 Rhf3+ 44. Kg2 Rg3+ 45. Kh2 Rh3+ 46.
Kg2 Rhg3+ 47. Kf2 Rgf3+ 48. Kg2 Rg3+ 49. Kf2 Rgf3+ 50. Kg2 Rg3+ 51. Kf2 Rgf3+
1/2-1/2